000
00304nam a2200121Ia 4500
008
220120s9999||||xx |||||||||||||| ||und||
020
_a
9781595145710
082
_a
621.395 GIV
100
_a
Givone, Donald, D
_9
2779
245
0
_a
Digital principles and design
260
_b
New York
300
_a
323p.
_b
0
999
_c
136441
_d
136441